Formes alternatives des Pokémon - Statistiques

Statistiques générales
  • Ce quiz a été pris 19 fois
  • Le résultat moyen est 130 sur 216
Statistiques - réponses
Pokémon Méga Evolution Gigamax Forme régionale/Paradoxe Talent Attaque Objet Autre % Correct
Dardargnan Oui * * * * Oui *
100%
Dracaufeu Oui Oui * * * Oui *
100%
Florizarre Oui Oui * * * Oui *
100%
Papilusion * Oui * * * * *
100%
Roucarnage Oui * * * * Oui *
100%
Tortank Oui Oui * * * Oui *
100%
Feunard * * Oui * * * *
92%
Goupix * * Oui * * * *
92%
Pikachu * Oui * * * * *
92%
Raichu * * Oui * * * *
92%
Sabelette * * Oui * * * *
92%
Sablaireau * * Oui * * * *
92%
Arcanin * * Oui * * * *
83%
Arceus * * * Oui * Oui *
83%
Braségali Oui * * * * Oui *
83%
Caninos * * Oui * * * *
83%
Drattak Oui * Oui * * Oui *
83%
Ectoplasma Oui Oui * * * Oui *
83%
Entei * * Oui * * * *
83%
Galopa * * Oui * * * *
83%
Gravalanch * * Oui * * * *
83%
Grolem * * Oui * * * *
83%
Jungko Oui * * * * Oui *
83%
Léviator Oui * * * * Oui *
83%
Persian * * Oui * * * *
83%
Ponyta * * Oui * * * *
83%
Racaillou * * Oui * * * *
83%
Raikou * * Oui * * * *
83%
Suicune * * Oui * * * *
83%
Alakazam Oui * * * * Oui *
75%
Artikodin * * Oui * * * *
75%
Carchacrok Oui * * * * Oui *
75%
Cobaltium * * Oui * * * *
75%
Démolosse Oui * * * * Oui *
75%
Dialga * * Oui * * Oui *
75%
Electhor * * Oui * * * *
75%
Evoli * Oui * * * * *
75%
Flagadoss Oui * Oui * * Oui *
75%
Galeking Oui * * * * Oui *
75%
Gallame Oui * * * * Oui *
75%
Gaulet * * Oui * * * *
75%
Giratina * * * * * Oui *
75%
Groudon Oui * * * * Oui *
75%
Keldeo * * * * Oui * *
75%
Kyogre Oui * * * * Oui *
75%
Kyurem * * * * * Oui *
75%
Laggron Oui * * * * Oui *
75%
Lokhlass * Oui * * * * *
75%
Lucario Oui * * * * Oui *
75%
Magnéton * * Oui * * * *
75%
Meloetta * * * * Oui * *
75%
Mewtwo Oui * * * * Oui *
75%
Miaouss * Oui Oui * * * *
75%
Morphéo * * * Oui * * Oui
75%
Palkia * * Oui * * Oui *
75%
Ramoloss * * Oui * * * *
75%
Rattata * * Oui * * * *
75%
Rattatac * * Oui * * * *
75%
Rayquaza Oui * * * * Oui *
75%
Roigada * * Oui * * * *
75%
Ronflex * Oui * * * * *
75%
Scarhino Oui * * * * Oui *
75%
Séracrawl * * Oui * * * *
75%
Shifours * Oui * * * Oui *
75%
Sulfura * * Oui * * * *
75%
Tauros * * Oui * * * *
75%
Terrakium * * Oui * * * *
75%
Tyranocif Oui * Oui * * Oui *
75%
Viridium * * Oui * * * *
75%
Zacian * * * * * Oui *
75%
Zamazenta * * * * * Oui *
75%
Archéduc * * Oui * * * *
67%
Axoloto * * Oui * * * *
67%
Cadoizo * * Oui * * * *
67%
Camérupt Oui * * * * Oui *
67%
Canarticho * * Oui * * * *
67%
Cizayox Oui * * * * Oui *
67%
Clamiral * * Oui * * * *
67%
Diancie Oui * * * * Oui *
67%
Donphan * * Oui * * * *
67%
Electrode * * Oui * * * *
67%
Ethernatos * Oui * * * * *
67%
Farfuret * * Oui * * * *
67%
Gardevoir Oui * * * * Oui *
67%
Genesect * * * * * Oui *
67%
Grotadmorv * * Oui * * * *
67%
Koraidon * * * * * * Oui
67%
Krabboss * Oui * * * * *
67%
Latias Oui * * * * Oui *
67%
Latios Oui * * * * Oui *
67%
Mackogneur * Oui * * * * *
67%
Métalosse Oui * * * * Oui *
67%
Miraidon * * * * * * Oui
67%
Motisma * * * * * Oui *
67%
Ogerpon * Oui * * * Oui *
67%
Plumeline * * * * * Oui *
67%
Pyrax * * Oui * * * *
67%
Rondoudou * * Oui * * * *
67%
Silvallié * * * Oui * Oui *
67%
Smogogo * * Oui * * * *
67%
Tadmorv * * Oui * * * *
67%
Terapagos * * * Oui * * Oui
67%
Trioxhydre * * Oui * * * *
67%
Typhlosion * * Oui * * * *
67%
Voltorbe * * Oui * * * *
67%
Zygarde * * * Oui * * *
67%
Boréas * * * * * Oui *
58%
Corayon * * Oui * * * *
58%
Démétéros * * * * * Oui *
58%
Feuforêve * * Oui * * * *
58%
Fragilady * * Oui * * * *
58%
Fulguris * * * * * Oui *
58%
Gorythmic * Oui * * * * *
58%
Lézargus * Oui * * * * *
58%
Linéon * * Oui * * * *
58%
Météno * * * Oui * * *
58%
M. Mime * * Oui * * * *
58%
Nanméouïe Oui * * * * Oui *
58%
Necrozma * * * * Oui Oui *
58%
Noadkoko * * Oui * * * *
58%
Pharamp Oui * * * * Oui *
58%
Ptéra Oui * * * * Oui *
58%
Pyrobut * Oui * * * * *
58%
Qwilfish * * Oui * * * *
58%
Sharpedo Oui * * * * Oui *
58%
Steelix Oui * * * * Oui *
58%
Taupiqueur * * Oui * * * *
58%
Torgamord * Oui * * * * *
58%
Triopikeur * * Oui * * * *
58%
Tutafeh * * Oui * * * *
58%
Zigzaton * * Oui * * * *
58%
Amovénus * * * * * Oui *
50%
Amphinobi * * * Oui * * *
50%
Angoliath * Oui * * * * *
50%
Astronelle * Oui * * * * *
50%
Bargantua * * Oui * * * *
50%
Branette Oui * * * * Oui *
50%
Charmina Oui * * * * Oui *
50%
Cheniselle * * * * * * Oui
50%
Corvaillus * Oui * * * * *
50%
Elecsprint Oui * * * * Oui *
50%
Gueriaigle * * Oui * * * *
50%
Hariyama * * Oui * * * *
50%
Hoopa * * * * * Oui *
50%
Kangourex Oui * * * * Oui *
50%
Limonde * * Oui * * * *
50%
Magearna * * * * * * Oui
50%
Melmetal * Oui * * * * *
50%
Miasmax * Oui * * * * *
50%
Monthracite * Oui * * * * *
50%
Motorizard * * Oui * * * *
50%
Nigirigon * * * * * * Oui
50%
Salarsen * Oui * * * * Oui
50%
Scolocendre * Oui * * * * *
50%
Shaymin * * * * * Oui *
50%
Sylveroy * * * * * Oui *
50%
Tentacool * * Oui * * * *
50%
Tentacruel * * Oui * * * *
50%
Zarude * * * * * * Oui
50%
Zoroark * * Oui * * * *
50%
Absol Oui * * * * Oui *
42%
Altaria Oui * * * * Oui *
42%
Békaglaçon * * * Oui * * *
42%
Charmilly * Oui * * * Oui *
42%
Cheniti * * * * * * Oui
42%
Colimucus * * Oui * * * *
42%
Darumacho * * Oui Oui * * *
42%
Darumarond * * Oui * * * *
42%
Dunaconda * Oui * * * * *
42%
Duralugon * Oui * * * * *
42%
Exagide * * * Oui Oui * *
42%
Flabébé * * * * * * Oui
42%
Floette * * * * * * Oui
42%
Florges * * * * * * Oui
42%
Froussardine * * * Oui * * *
42%
Mimiqui * * * Oui * * *
42%
Mordudor * * * * * * Oui
42%
Muplodocus * * Oui * * * *
42%
Ossatueur * * Oui * * * *
42%
Poltchageist * * * * * Oui *
42%
Polthégeist * * Oui * * Oui *
42%
Sancoki * * * * * * Oui
42%
Sorcilence * Oui * * * * *
42%
Tapatoès * * * * * * Oui
42%
Ténéfix Oui * * * * Oui *
42%
Théffroi * * Oui * * Oui *
42%
Théffroyable * * * * * Oui *
42%
Tritosor * * * * * * Oui
42%
Zarbi * * * * * * Oui
42%
Zorua * * Oui * * * *
42%
Banshitrouye * * * * * * Oui
33%
Blizzaroi Oui * * * * Oui *
33%
Ceriflor * * * Oui * * *
33%
Deoxys * * * * * Oui *
33%
Dratatin * Oui * * * * *
33%
Haydaim * * * * * * Oui
33%
Lockpin Oui * * * * Oui *
33%
Mistigrix * * * * * * Oui
33%
Mysdibule Oui * * * * Oui *
33%
Oniglali Oui * * * * Oui *
33%
Pachyradjah * Oui * * * * *
33%
Pitrouille * * * * * * Oui
33%
Pomdrapi * Oui * * * * *
33%
Prismillon * * * * * * Oui
33%
Superdofin * * * Oui * * *
33%
Ursaking * * Oui * * * *
33%
Vivaldaim * * * * * * Oui
33%
Xerneas * * * * * * Oui
33%
Couafarel * * * * * * Oui
25%
Deusolourdo * * * * * * Oui
25%
Famignol * * * * * * Oui
25%
Lougaroc * * * * * * Oui
25%
Morpéko * * * Oui Oui * *
25%
Wimessir * * * * * * Oui
25%
Fragroin * * * * * * Oui
17%
Paragruel * * * * * * Oui
17%
Aucun quiz correspondant
Distribution des résultats
% des personnes avec chaque résultat
Percentile par nombre de réponses
Votre historique - résultats
Vous n’avez pas pris ce quiz